Sortals and the subject-predicate distinction / (Record no. 85437)
[ view plain ]
| 000 -LEADER | |
|---|---|
| fixed length control field | 01011nam a2200325 a 4500 |
| 001 - CONTROL NUMBER | |
| control field | vtls000081393 |
| 003 - CONTROL NUMBER IDENTIFIER | |
| control field | NLI |
| 005 - DATE AND TIME OF LATEST TRANSACTION | |
| control field | 20210601194430.0 |
| 008 - FIXED-LENGTH DATA ELEMENTS--GENERAL INFORMATION | |
| fixed length control field | 101125s2001 enk 001 0 eng |
| 020 ## - INTERNATIONAL STANDARD BOOK NUMBER | |
| International Standard Book Number | 075461378X : |
| Terms of availability | PND 45.00 |
| 039 #9 - LEVEL OF BIBLIOGRAPHIC CONTROL AND CODING DETAIL [OBSOLETE] | |
| -- | 201011250852 |
| -- | VLOAD |
| 040 0# - CATALOGING SOURCE | |
| Original cataloging agency | NLI |
| Language of cataloging | eng |
| Transcribing agency | Entertech-2003 |
| Description conventions | AACR2 |
| 041 0# - LANGUAGE CODE | |
| Language code of text/sound track or separate title | eng |
| 044 ## - COUNTRY OF PUBLISHING/PRODUCING ENTITY CODE | |
| MARC country code | enk |
| 082 04 - DEWEY DECIMAL CLASSIFICATION NUMBER | |
| Classification number | 121.68 |
| 100 1# - MAIN ENTRY--PERSONAL NAME | |
| Personal name | Durrant, Michael |
| 9 (RLIN) | 187225 |
| 245 10 - TITLE STATEMENT | |
| Title | Sortals and the subject-predicate distinction / |
| Statement of responsibility, etc. | Michael Durrant ; edited by Stephen Horton |
| 260 ## - PUBLICATION, DISTRIBUTION, ETC. | |
| Place of publication, distribution, etc. | Aldershot : |
| Name of publisher, distributor, etc. | Ashgate, |
| Date of publication, distribution, etc. | c2001 |
| 300 ## - PHYSICAL DESCRIPTION | |
| Extent | xvi, 316 p. ; |
| Dimensions | 24 cm. |
| 504 ## - BIBLIOGRAPHY, ETC. NOTE | |
| Bibliography, etc. note | Includes bibliographical references and index |
| 650 #0 - SUBJECT ADDED ENTRY--TOPICAL TERM | |
| Topical term or geographic name entry element | Predicate (Logic) |
| 9 (RLIN) | 136400 |
| 650 #0 - SUBJECT ADDED ENTRY--TOPICAL TERM | |
| Topical term or geographic name entry element | Language and logic |
| 9 (RLIN) | 37396 |
| 650 #0 - SUBJECT ADDED ENTRY--TOPICAL TERM | |
| Topical term or geographic name entry element | Semantics (Philosophy) |
| 9 (RLIN) | 135627 |
| 700 1# - ADDED ENTRY--PERSONAL NAME | |
| Personal name | Horton, Stephen, |
| Relationship | edt |
| 9 (RLIN) | 187226 |
| 887 ## - NON-MARC INFORMATION FIELD | |
| Content of non-MARC field | |
| 901 ## - LOCAL DATA ELEMENT A, LDA (RLIN) | |
| a | 539643 |
| b | 21.12.1901 |
| 902 ## - LOCAL DATA ELEMENT B, LDB (RLIN) | |
| a | E121.68 D937 |
| 949 ## - LOCAL PROCESSING INFORMATION (OCLC) | |
| -- | VIRTUAITEM |
| -- | 10000 |
| -- | 100 |
| 6 | PUR000539643ENG |
| 942 ## - ADDED ENTRY ELEMENTS (KOHA) | |
| Source of classification or shelving scheme | Dewey Decimal Classification |
| Koha item type | Books |
| Withdrawn status | Lost status | Damaged status | Not for loan | Collection code | Home library | Current library | Shelving location | Date acquired | Total Checkouts | Full call number | Barcode | Date last seen | Price effective from | Koha item type |
|---|---|---|---|---|---|---|---|---|---|---|---|---|---|---|
| New English | National Library of India | National Library of India | New English - Main Stack Division | E121.68 D937 | PUR000539643ENG | 01/06/2021 | 01/06/2021 | Books |
